00249nam a2200109Ia 4500008004100000041001200041082001100053100001600064245004700080260000600127650000600133221030s9999 xx 000 0 und d aEnglish a105.23 aJ. D. Ryder 0aNetworks, Lines and Fieldscby J. D. Ryder c0 aB